[Event "AUTO-INT-3160"]
[Site "http://www.queenalice.com/game.php?id=1434551"]
[Date "2016.8.4"]
[Round "1"]
[White "kudd"]
[Black "Ruusgugg"]
[Result "1-0"]
[WhiteElo "1577"]
[BlackElo "1371"]

1. e4 e5 2. Bc4 Qf6 3. Nf3 d6 4. h3 Qg6 5. O-O f5 6. Nh4 Qf6 7. Nxf5 g6 8. Ng3
g5 9. Nc3 c6 10. Bxg8 Rxg8 11. Nh5 Qf7 12. d3 g4 13. h4 Qxh5 14. g3 d5 15. exd5
cxd5 16. Nxd5 Qf7 17. c4 b5 18. Qc2 bxc4 19. Qxc4 Na6 20. Qc6+ Bd7 21. Qxa8+ 1-0

[Event "AUTO-INT-3160"]
[Site "http://www.queenalice.com/game.php?id=1434566"]
[Date "2016.8.4"]
[Round "1"]
[White "kudd"]
[Black "Scharlatan"]
[Result "0-1"]
[WhiteElo "1548"]
[BlackElo "1915"]

1. e4 d5 2. e5 c5 3. Bb5+ Bd7 4. Qe2 e6 5. Nf3 Bxb5 6. Qxb5+ Nc6 7. Qxb7 Rc8 8.
Qb5 Nh6 9. Qe2 Be7 10. h3 O-O 11. d3 Nf5 12. c3 Qc7 13. O-O Nh4 14. Nxh4 Bxh4
15. Qg4 Be7 16. Bh6 Qxe5 17. Nd2 Kh8 18. Rfe1 Qf6 19. Bf4 e5 20. Bg3 Rfe8 21. c4
Nb4 22. Bxe5 Qg5 23. Qxg5 Bxg5 24. f4 Bh4 25. Rf1 Nxd3 26. Nf3 Nxe5 27. fxe5 Bg3
28. cxd5 Bxe5 29. Nxe5 Rxe5 30. Rxf7 Rxd5 31. Rxa7 Rd2 32. b3 h6 33. a4 Rb2 34.
Rb7 c4 35. b4 c3 36. a5 c2 37. Rc1 Rb1 0-1

[Event "AUTO-INT-3160"]
[Site "http://www.queenalice.com/game.php?id=1434567"]
[Date "2016.8.4"]
[Round "1"]
[White "Scharlatan"]
[Black "kudd"]
[Result "1-0"]
[WhiteElo "1860"]
[BlackElo "1599"]

1. e4 e5 2. Nf3 Qe7 3. Bc4 h6 4. O-O a6 5. d4 b5 6. Bd5 c6 7. Bb3 d6 8. c4 b4 9.
dxe5 dxe5 10. Be3 Bg4 11. Nbd2 Qf6 12. h3 Bxf3 13. Nxf3 c5 14. Qd5 Nc6 15. Ba4
Rc8 16. Nxe5 Ne7 17. Qd7# 1-0

[Event "AUTO-INT-3160"]
[Site "http://www.queenalice.com/game.php?id=1434568"]
[Date "2016.8.4"]
[Round "1"]
[White "kudd"]
[Black "DinoSouza"]
[Result "1-0"]
[WhiteElo "1585"]
[BlackElo "1786"]

1. e4 Nf6 2. Bd3 e5 3. a3 Nc6 4. h3 Be7 5. c4 O-O 6. Nf3 b6 7. Nc3 Bb7 8. O-O a6
9. Nd5 Nb8 10. Nxf6+ Bxf6 11. b4 Re8 12. Bb2 g6 13. Re1 Bg7 14. c5 Nc6 15. Bc4
bxc5 16. Qb3 Qe7 17. bxc5 Rab8 18. Bc3 Qxc5 19. Bxf7+ Kf8 20. Bxe8 Kxe8 21. Qg8+
Qf8 22. Qxh7 Ne7 23. Nxe5 Ba8 24. Nxg6 Bxc3 25. Nxf8 1-0

[Event "AUTO-INT-3160"]
[Site "http://www.queenalice.com/game.php?id=1434569"]
[Date "2016.8.4"]
[Round "1"]
[White "DinoSouza"]
[Black "kudd"]
[Result "1-0"]
[WhiteElo "1747"]
[BlackElo "1609"]

1. e4 e5 2. Nf3 Qe7 3. Nc3 Nf6 4. Bc4 h6 5. O-O a6 6. d4 exd4 7. Nxd4 Nxe4 8.
Nxe4 Qxe4 9. Re1 Qxe1+ 10. Qxe1+ Be7 11. Nf5 Nc6 12. Bd5 O-O 13. Bxc6 Bf6 14.
Ba4 d6 15. Qe4 Bxf5 16. Qxf5 b5 17. Bb3 c5 18. c3 Rfe8 19. Be3 c4 20. Bc2 Kf8
21. Re1 Re6 22. Qh7 Ke7 23. Bd2 Be5 24. Qe4 Rd8 25. Qb7+ Kf6 26. Qxa6 Rb8 27.
Qc6 d5 28. Qc5 Rd6 29. g3 g5 30. f4 gxf4 31. Rxe5 Kxe5 32. Bxf4+ Ke6 33. Qxd6#
1-0

[Event "AUTO-OPEN-3708"]
[Site "http://www.queenalice.com/game.php?id=1442579"]
[Date "2016.9.24"]
[Round "1"]
[White "agilulfo"]
[Black "kudd"]
[Result "1-0"]
[WhiteElo "1994"]
[BlackElo "1579"]

1. d4 b5 2. e4 a6 3. Nf3 h6 4. g3 c6 5. Bg2 d5 6. exd5 cxd5 7. O-O Nc6 8. a4 b4
9. Nbd2 Nf6 10. c4 bxc3 11. bxc3 Bg4 12. Re1 Qa5 13. Qc2 Bxf3 14. Bxf3 e6 15.
Nb3 Qc7 16. Bf4 Bd6 17. Bxd6 Qxd6 18. Nc5 O-O 19. Rab1 Rfe8 20. Be2 a5 21. Rb6
Reb8 22. Reb1 e5 23. dxe5 Qxc5 24. Rxb8+ Nxb8 25. exf6 g6 26. Bf3 Nd7 27. Rb5
Qc6 28. Bxd5 Qc8 29. Qxg6+ Kh8 30. Qg7# 1-0

[Event "AUTO-OPEN-3708"]
[Site "http://www.queenalice.com/game.php?id=1442580"]
[Date "2016.9.24"]
[Round "1"]
[White "kudd"]
[Black "agilulfo"]
[Result "1-0"]
[WhiteElo "1585"]
[BlackElo "2017"]

1. e4 c5 2. c4 d6 3. d3 Nf6 4. h3 g6 5. Bg5 Bg7 6. Nc3 O-O 7. d4 cxd4 8. Qxd4
Nc6 9. Qd2 b6 10. Bxf6 Bxf6 11. a3 Ba6 12. b3 Na5 13. Rb1 Rc8 14. Nd5 Bg7 15.
Bd3 Nxc4 16. bxc4 Bxc4 17. Bxc4 Rxc4 18. Qd3 Qc8 19. Nxe7+ Kh8 20. Nxc8 Rfxc8
21. Ne2 Be5 22. O-O R8c6 23. Rbc1 Rxc1 24. Nxc1 Bb2 25. Ne2 a5 26. a4 Kg8 27.
Qa6 Kg7 28. Qb7 Rc2 29. Nf4 Be5 30. Nd5 Bd4 31. Qd7 Bc5 32. Nf4 Rc4 33. Ne6+ Kf6
34. Nxc5 dxc5 35. Qd6+ Kg5 36. Qd5+ 1-0

[Event "AUTO-OPEN-3708"]
[Site "http://www.queenalice.com/game.php?id=1442607"]
[Date "2016.9.24"]
[Round "1"]
[White "vindaloo"]
[Black "kudd"]
[Result "1-0"]
[WhiteElo "1858"]
[BlackElo "1561"]

1. e4 e5 2. Nf3 Bd6 3. Bc4 h6 4. d4 exd4 5. Qxd4 Nf6 6. e5 c5 7. Qe3 Ng4 8. Qe2
Bc7 9. O-O O-O 10. h3 Nxe5 11. Nxe5 Re8 12. Bxf7+ Kf8 13. Bxe8 Qxe8 14. f4 d6
15. Be3 dxe5 16. fxe5+ Kg8 17. Bf4 Nc6 18. Nc3 Bxe5 19. Rae1 Nd4 20. Qxe5 Qxe5
21. Rxe5 Ne6 22. Be3 b6 23. Rd1 Nf8 24. Re8 Kf7 25. Rdd8 Ne6 26. Rxc8 Rxc8 27.
Rxc8 Ke7 28. Ra8 a5 29. Nd5+ Kd6 30. Nxb6 Kc6 31. Nc4 Kb5 32. Nxa5 Kb6 33. b4
Nc7 34. Bxc5+ 1-0

[Event "AUTO-OPEN-3708"]
[Site "http://www.queenalice.com/game.php?id=1442608"]
[Date "2016.9.24"]
[Round "1"]
[White "kudd"]
[Black "vindaloo"]
[Result "0-1"]
[WhiteElo "1565"]
[BlackElo "1854"]

1. e4 c5 2. c4 Nc6 3. Nc3 e6 4. Nf3 Nf6 5. e5 Ng8 6. a3 a6 7. d3 d6 8. Bg5 Be7
9. Qd2 dxe5 10. Ne4 h6 11. Bxe7 Qxe7 12. Be2 Nf6 13. h3 O-O 14. Bd1 Rd8 15. Qe3
Nd4 16. Nxd4 exd4 17. Qg3 Nxe4 18. dxe4 e5 19. O-O b5 20. b3 f5 21. exf5 Bxf5
22. Bf3 e4 23. Rfe1 bxc4 24. bxc4 Re8 25. Bd1 Qf6 26. Ba4 Re7 27. f3 e3 28. f4
e2 29. Ra2 d3 30. Qf3 Rd8 31. g4 Be4 32. Qg3 Qd4+ 33. Qf2 Qxc4 0-1

[Event "AUTO-OPEN-3708"]
[Site "http://www.queenalice.com/game.php?id=1442627"]
[Date "2016.9.24"]
[Round "1"]
[White "kudd"]
[Black "AsterixTwin"]
[Result "0-1"]
[WhiteElo "1567"]
[BlackElo "2542"]

1. e4 c5 2. Bc4 e6 3. Nf3 Nc6 4. a3 d6 5. h3 Nf6 6. O-O Nxe4 7. Bb5 Be7 8. d3
Nf6 9. d4 cxd4 10. Bxc6+ bxc6 11. Qxd4 O-O 12. b4 Qc7 13. Qd3 Bb7 14. Ng5 h6 15.
Nf3 c5 16. c4 Rfd8 17. Nc3 a6 18. b5 axb5 19. Nxb5 Qc6 20. Bb2 Nd7 21. Nd2 Qxg2#
0-1

[Event "AUTO-OPEN-3708"]
[Site "http://www.queenalice.com/game.php?id=1442628"]
[Date "2016.9.24"]
[Round "1"]
[White "AsterixTwin"]
[Black "kudd"]
[Result "1-0"]
[WhiteElo "2540"]
[BlackElo "1550"]

1. e4 e5 2. Nf3 Bd6 3. d4 exd4 4. Bc4 h6 5. O-O c5 6. c3 a6 7. cxd4 b5 8. dxc5
Bxc5 9. Bxf7+ Kxf7 10. Qd5+ Ke8 11. Qxc5 d6 12. Qc2 Nf6 13. e5 dxe5 14. Nxe5 Be6
15. Re1 Nbd7 16. Ng6 Rg8 17. Rxe6+ Kf7 18. Re7+ Qxe7 19. Nxe7 Kxe7 20. Be3 Rac8
21. Qb3 Rge8 22. Nc3 Kf8 23. h3 Rc6 24. Rd1 Nc5 25. Qa3 Re5 26. Bxc5+ Rcxc5 27.
Qxa6 Kf7 28. Rd8 b4 29. Qb7+ Kg6 30. Qxb4 Re1+ 31. Kh2 Rf5 32. Nd5 Rfe5 33. Nxf6
Kxf6 34. Qf8+ 1-0

[Event "OS INCLIVEIS"]
[Site "http://www.queenalice.com/game.php?id=1443323"]
[Date "2016.9.29"]
[Round "-"]
[White "adelio"]
[Black "kudd"]
[Result "1-0"]
[WhiteElo "1782"]
[BlackElo "1557"]

1. d4 d5 2. e4 dxe4 3. Nc3 Nf6 4. f3 Bf5 5. g4 Be6 6. h4 exf3 7. Qxf3 Bd5 8.
Nxd5 Nxd5 9. Bc4 c6 10. Ne2 e6 11. g5 Nb4 12. Bb3 Be7 13. Bd2 Nd5 14. O-O-O b5
15. Rhf1 O-O 16. Ng3 a5 17. Nh5 a4 18. Bxd5 exd5 19. Rde1 Na6 20. Qg4 Nc7 21.
Nf6+ Bxf6 22. gxf6 g6 23. Bh6 Re8 24. h5 Rxe1+ 25. Rxe1 Ne8 26. hxg6 fxg6 27.
f7+ Kxf7 28. Qe6# 1-0

[Event "Challenge"]
[Site "http://www.queenalice.com/game.php?id=1445178"]
[Date "2016.10.11"]
[Round "-"]
[White "Vin100"]
[Black "kudd"]
[Result "0-1"]
[WhiteElo "1538"]
[BlackElo "1546"]

1. e4 e5 2. Nf3 Bd6 3. d4 exd4 4. Nxd4 Bc5 5. Be3 d5 6. Bd3 h6 7. O-O dxe4 8.
Bxe4 Nf6 9. Nc3 O-O 10. Nde2 Nxe4 11. Nxe4 Bxe3 12. fxe3 a6 13. Nd4 Re8 14. Qd3
Bf5 15. Rxf5 Nd7 16. c4 Ne5 17. Qb3 Qd7 18. Qxb7 Nxc4 19. Qb3 Rxe4 20. Qd3 Nd6
21. Raf1 Rae8 22. Ra5 Rxe3 23. Qxa6 R3e4 24. Qc6 Qxc6 25. Nxc6 R4e6 26. Ra7 Nb5
27. Rb7 Rxc6 28. Rxb5 g6 29. h4 Kg7 30. Rf4 Rc2 31. g4 Re1+ 32. Rf1 Re4 33. Rf2
Rxg4+ 34. Kf1 Rc1+ 35. Ke2 Rxh4 36. b4 Rc2+ 37. Ke3 Rh3+ 38. Rf3 Rc3+ 39. Ke4
Rhxf3 40. Rc5 Rxc5 41. bxc5 Ra3 42. Kd5 Rxa2 43. Kc6 Rc2 0-1

[Event "Challenge"]
[Site "http://www.queenalice.com/game.php?id=1455673"]
[Date "2016.12.20"]
[Round "-"]
[White "Vin100"]
[Black "kudd"]
[Result "1-0"]
[WhiteElo "1567"]
[BlackElo "1577"]

1. e4 e5 2. Nf3 Bd6 3. c3 h6 4. d4 exd4 5. cxd4 Bb4+ 6. Bd2 Bxd2+ 7. Nbxd2 d5 8.
exd5 Qxd5 9. Bc4 Qd6 10. Ne4 Qb4+ 11. Nfd2 Qxb2 12. Nb3 Qa3 13. O-O Qe7 14. Re1
Qb4 15. Ned2+ Ne7 16. Qf3 O-O 17. Qe4 Nbc6 18. d5 Bf5 19. Qe3 Na5 20. Qxe7 c5
21. Qxc5 Qc3 22. Qxa5 Qf6 23. f4 b6 24. Qb5 Qg6 25. Nd4 Bh3 26. g3 Qd3 27. Bxd3
Rfd8 28. Bf5 Bxf5 29. Nxf5 Kf8 30. Nc4 g6 31. Qb4+ Kg8 32. Nfd6 h5 33. a4 Kg7
34. Re7 Kf8 35. Rxf7+ Kg8 36. f5 gxf5 37. Rxf5 Kg7 38. Rxh5 Kg6 39. g4 Rf8 40.
Rf5 Rh8 41. Ne5+ Kg7 42. Ndf7 Rhf8 43. d6 Rab8 44. d7 a5 45. Qd6 Rxf7 46. Rxf7+
Kg8 47. Qxb8# 1-0

[Event "Challenge"]
[Site "http://www.queenalice.com/game.php?id=1455674"]
[Date "2016.12.20"]
[Round "-"]
[White "kudd"]
[Black "Vin100"]
[Result "1-0"]
[WhiteElo "1562"]
[BlackElo "1579"]

1. e4 e5 2. a3 Nf6 3. Nc3 c6 4. Nf3 d6 5. d4 Nbd7 6. Bg5 h6 7. Bxf6 Nxf6 8. d5
g5 9. h3 b5 10. dxc6 g4 11. Bxb5 a6 12. c7+ Qd7 13. Bxd7+ Bxd7 14. Nd5 Nxe4 15.
Nh4 Bc6 16. Nb6 Rb8 17. c8=Q+ Rxc8 18. Nxc8 g3 19. fxg3 Nxg3 20. Rg1 Ne4 21. Qe2
a5 22. Qa6 Bd7 23. Nb6 Be7 24. Qb7 Nc5 25. Qb8+ Bd8 26. Qxd6 Bxh4+ 27. g3 Be7
28. Qxe5 f6 29. Qb8+ Bd8 30. O-O-O Ke7 31. Rde1+ Kf7 32. Qd6 Bxb6 33. Qxb6 Ne6
34. Qxa5 Nd4 35. Qd5+ Ne6 36. Qxd7+ 1-0

[Event "Challenge"]
[Site "http://www.queenalice.com/game.php?id=1456666"]
[Date "2016.12.26"]
[Round "-"]
[White "dejami"]
[Black "kudd"]
[Result "0-1"]
[WhiteElo "1773"]
[BlackElo "1561"]

1. e4 e5 2. Bc4 a6 3. Qh5 Qe7 4. Nf3 Nf6 5. Qxe5 d6 6. Qf4 h6 7. d3 Be6 8. Bb3
Nh5 9. Qe3 Bxb3 10. axb3 c5 11. Qe2 b5 12. Nfd2 Nf4 13. Qf3 Ne6 14. e5 Ra7 15.
c3 dxe5 16. Ne4 c4 17. d4 b4 18. Bd2 exd4 19. O-O Nc6 20. Ng3 Ne5 21. Qe2 Qc7
22. Re1 Nd3 23. Ra2 Be7 24. Ne4 a5 25. g3 Nxe1 26. Qxe1 d3 27. f3 cxb3 28. Ra1
O-O 29. Qd1 Bc5+ 30. Kg2 a4 31. cxb4 Bd4 32. Bc3 Bxc3 33. Nbxc3 Rd8 34. Nb5 Qb6
35. Nxa7 Qxa7 36. Nc3 Ng5 37. Ne4 Nxe4 38. fxe4 Qa6 39. Qd2 Rd4 40. Qe3 Rxb4 41.
Qc5 Rxe4 42. Qd5 Re2+ 43. Kf3 Rxb2 44. Re1 Qf6+ 45. Kg4 g6 46. Re8+ Kg7 47. Rd8
Qe6+ 48. Kf4 Rf2+ 49. Qf3 g5# 0-1

[Event "Challenge"]
[Site "http://www.queenalice.com/game.php?id=1456724"]
[Date "2016.12.27"]
[Round "-"]
[White "LuanaChess"]
[Black "kudd"]
[Result "1-0"]
[WhiteElo "1828"]
[BlackElo "1562"]

1. e4 e5 2. d3 d5 3. Nd2 d4 4. h3 c5 5. Ngf3 Nc6 6. c3 h6 7. Nc4 b5 8. Ncxe5
Nxe5 9. Nxe5 Qf6 10. Nf3 Qc6 11. Be2 Nf6 12. cxd4 c4 13. d5 Qd6 14. O-O Qc7 15.
e5 Nxd5 16. dxc4 bxc4 17. Qxd5 Bb7 18. Qb5+ Qc6 19. Qa5 Ba6 20. Bd1 Be7 21. Ba4
1-0

[Event "AUTO-INT-3223"]
[Site "http://www.queenalice.com/game.php?id=1465827"]
[Date "2017.2.21"]
[Round "1"]
[White "belzinha"]
[Black "kudd"]
[Result "1-0"]
[WhiteElo "1608"]
[BlackElo "1564"]

1. e4 e5 2. Nf3 Bd6 3. Bc4 h6 4. Nc3 a6 5. d3 Nf6 6. O-O b5 7. Bd5 c6 8. Bb3 O-O
9. Be3 c5 10. Nd5 Nxd5 11. exd5 b4 12. a3 bxa3 13. bxa3 Bb7 14. g3 Qe7 15. c4 e4
16. Nh4 Be5 17. d4 cxd4 18. Bxd4 1-0

[Event "AUTO-INT-3223"]
[Site "http://www.queenalice.com/game.php?id=1465828"]
[Date "2017.2.21"]
[Round "1"]
[White "kudd"]
[Black "belzinha"]
[Result "0-1"]
[WhiteElo "1580"]
[BlackElo "1592"]

1. e4 e5 2. a3 Nf6 3. Bd3 Bc5 4. h3 O-O 5. Nf3 d6 6. c4 Nc6 7. O-O Nd4 8. Nxd4
Bxd4 9. Ra2 Be6 10. Qb3 b6 11. a4 g6 12. Bc2 c5 13. Nc3 h5 14. Nb5 Qd7 15. Bd3
a6 16. Nxd4 cxd4 0-1

[Event "AUTO-INT-3223"]
[Site "http://www.queenalice.com/game.php?id=1465843"]
[Date "2017.2.21"]
[Round "1"]
[White "kudd"]
[Black "NN19"]
[Result "0-1"]
[WhiteElo "1624"]
[BlackElo "1493"]

1. e4 c6 2. d4 d5 3. e5 Bf5 4. h3 h6 5. a3 e6 6. Bd3 Bxd3 7. Qxd3 Ne7 8. Nf3 Ng6
9. O-O Be7 10. b4 Nd7 11. Nc3 O-O 12. Rb1 b6 13. a4 c5 14. dxc5 bxc5 15. b5 c4
16. Qe3 Bc5 17. Qe1 Qc7 18. Bd2 Ngxe5 0-1

[Event "AUTO-INT-3223"]
[Site "http://www.queenalice.com/game.php?id=1465844"]
[Date "2017.2.21"]
[Round "1"]
[White "NN19"]
[Black "kudd"]
[Result "1-0"]
[WhiteElo "1470"]
[BlackElo "1647"]

1. d4 b5 2. e4 a6 3. Nf3 h6 4. Bd3 d5 5. e5 e6 6. O-O c5 7. c3 c4 8. Bc2 Nc6 9.
Ne1 Nge7 10. f4 b4 11. Nd2 Bb7 12. Qh5 Nf5 13. Bxf5 exf5 14. Qxf5 bxc3 15. bxc3
Bc8 16. Qc2 Be7 17. f5 Bg5 18. Ba3 1-0

[Event "AUTO-INT-3223"]
[Site "http://www.queenalice.com/game.php?id=1465845"]
[Date "2017.2.21"]
[Round "1"]
[White "kudd"]
[Black "z3r0vulc4n"]
[Result "1-0"]
[WhiteElo "1615"]
[BlackElo "1593"]

1. e4 e5 2. a3 d5 3. exd5 Qxd5 4. Nc3 Qd8 5. h3 Nc6 6. Nf3 Bc5 7. Bb5 Bd7 8.
Bxc6 Bxc6 9. O-O Nf6 10. Nxe5 Qd5 11. Nxd5 1-0

[Event "AUTO-INT-3223"]
[Site "http://www.queenalice.com/game.php?id=1465846"]
[Date "2017.2.21"]
[Round "1"]
[White "z3r0vulc4n"]
[Black "kudd"]
[Result "0-1"]
[WhiteElo "1643"]
[BlackElo "1630"]

1. e4 e5 2. Nf3 d6 3. d4 exd4 4. Qxd4 c5 5. Qd1 h6 6. Nc3 a6 7. Bc4 Bg4 8. Qd5
Qd7 9. e5 Bxf3 10. Qxf3 dxe5 11. Nd5 Qd6 12. Nc3 Nc6 13. Qxf7+ Kd8 14. O-O Kc8
15. Qe8+ Nd8 16. Be6+ Qxe6 17. Qxe6+ Nxe6 18. Nd5 Kd8 19. Rd1 Nd4 20. c3 Nf6 21.
Nxf6 gxf6 22. cxd4 cxd4 23. Bd2 b6 24. a4 a5 25. b3 Bd6 26. h3 h5 27. Rab1 e4
28. b4 d3 29. bxa5 bxa5 30. Bc3 Rf8 31. Rb5 f5 32. Bxa5+ Kd7 33. Bb4 Rxa4 34.
Bxd6 Kxd6 35. Kh2 h4 36. g3 Ra2 37. Kg2 Kc6 38. Re5 hxg3 39. Kxg3 Kd6 40. Kf4
Rxf2+ 41. Kg3 Rf3+ 42. Kg2 Kxe5 0-1